Normal view
MARC view
- Callister, William D.,
Entry Personal Name
001 - CONTROL NUMBER
- control field: 38453
003 - CONTROL NUMBER IDENTIFIER
- control field: OSt
005 - DATE AND TIME OF LATEST TRANSACTION
- control field: 20150929144002.0
008 - FIXED-LENGTH DATA ELEMENTS
- fixed length control field: 150929|| aca||aabn | a|a d
040 ## - CATALOGING SOURCE
- Original cataloging agency: OSt
100 1# - HEADING--PERSONAL NAME
- Personal name: Callister, William D.,
- Titles and other words associated with a name: Jr.,
- Dates associated with a name: 1940-
400 1# - SEE FROM TRACING--PERSONAL NAME
- Personal name: Callister, William D.,
- Dates associated with a name: 1940-